00765cam a2200193 a 450000500170000000800410001701000150005802000180007304000500009104100080014110000290014924500680017826000780024630000180032450400530034265000440039565000680043965000640050720161124113830.0161124s2014 xxu fr s001 0 eng d a2013035153 a9780226780177 aCO-BoUCMbspacSandra PalaciodSandra Palacio0 aeng1 aSunstein, Cass R.d1954-10aValuing lifebhumanizing the regulatory statecCass R. Sunstein aChicago (Illinois, Estados Unidos)bThe University of Chicago Pressc2014 a248 páginas aIncluye referencias bibliográficas e índices17aSociología políticazEstados Unidos27aProcedimiento administrativoxAspectos socialeszEstados Unidos27aAgencias administrativasxAspectos socialeszEstados Unidos